[Event "chess.com Speed 2019"]
[Site "chess.com INT"]
[Date "2019.11.18"]
[Round "2.17"]
[White "Nepomniachtchi, Ian"]
[Black "Ding, Liren"]
[Result "1/2-1/2"]
[WhiteTitle "GM"]
[BlackTitle "GM"]
[WhiteElo "2776"]
[BlackElo "2811"]
[WhiteFideId "4168119"]
[BlackFideId "8603677"]
[EventDate "2019.09.02"]

1. e4 c5 2. Nf3 d6 3. d4 cxd4 4. Nxd4 Nf6 5. Nc3 a6 6. Be2 e5 7. Nf3 Be7 8. a4
O-O 9. Bg5 Be6 10. Bxf6 Bxf6 11. O-O Be7 12. Nd2 Nd7 13. Bc4 Rc8 14. Nd5 Nb6 15.
Nxe7+ Qxe7 16. Bxe6 Qxe6 17. a5 Nd7 18. c4 Rc6 19. Ra3 Rb8 20. Rd3 b5 21. axb6
Rcxb6 22. b3 Nc5 23. Rd5 h6 24. Qa1 Qg6 25. Re1 Nxb3 26. Nxb3 Rxb3 27. g3 R8b6
28. c5 dxc5 29. Qxe5 Rb1 30. Rxb1 Rxb1+ 31. Kg2 Re1 32. Rd8+ Kh7 33. Re8 c4 34.
h4 h5 35. Qb8 Qc6 36. Qe5 Qb5 37. Qe7 c3 38. Qxf7 Qf1+ 39. Kf3 Qe2+ 40. Kg2 Qf1+
41. Kf3 Qe2+ 42. Kg2 Qf1+ 1/2-1/2

[Event "chess.com Speed 2019"]
[Site "chess.com INT"]
[Date "2019.11.18"]
[Round "2.18"]
[White "Ding, Liren"]
[Black "Nepomniachtchi, Ian"]
[Result "0-1"]
[WhiteTitle "GM"]
[BlackTitle "GM"]
[WhiteElo "2811"]
[BlackElo "2776"]
[WhiteFideId "8603677"]
[BlackFideId "4168119"]
[EventDate "2019.09.02"]

1. e4 c5 2. Nf3 d6 3. d4 cxd4 4. Nxd4 Nf6 5. Nc3 a6 6. Be2 e5 7. Nb3 Be7 8. Be3
Be6 9. O-O O-O 10. Qd3 Nbd7 11. Nd5 Bxd5 12. exd5 g6 13. a4 Ne8 14. a5 f5 15. f3
Bg5 16. c4 Rc8 17. Qd2 Bxe3+ 18. Qxe3 Nef6 19. Nd2 f4 20. Qf2 Qe7 21. b4 Kh8 22.
Bd3 Qg7 23. Rac1 Qe7 24. Rfe1 Rc7 25. Nb3 Rfc8 26. Rc2 Kg7 27. Nd4 Nf8 28. Bf5
Ra8 29. Ne6+ Nxe6 30. Bxe6 Nd7 31. c5 dxc5 32. Bxd7 Rxd7 33. Rxc5 Rad8 34. d6
Rxd6 35. Rcxe5 Qf6 36. Re7+ Kh6 37. h3 Rd2 38. Qc5 Qb2 39. Rxh7+ Kxh7 40. Qe7+
Qg7 41. Qh4+ Kg8 42. Re7 Qh8 43. Qg5 R2d6 44. Kh2 Qf6 0-1

[Event "chess.com Speed 2019"]
[Site "chess.com INT"]
[Date "2019.11.18"]
[Round "2.19"]
[White "Nepomniachtchi, Ian"]
[Black "Ding, Liren"]
[Result "1-0"]
[WhiteTitle "GM"]
[BlackTitle "GM"]
[WhiteElo "2776"]
[BlackElo "2811"]
[WhiteFideId "4168119"]
[BlackFideId "8603677"]
[EventDate "2019.09.02"]

1. e4 c5 2. Nf3 d6 3. d4 cxd4 4. Nxd4 Nf6 5. Nc3 a6 6. Bg5 Nbd7 7. Bc4 Qb6 8.
Bb3 e6 9. Qd2 Be7 10. O-O-O Nc5 11. Rhe1 O-O 12. f4 h6 13. h4 Qc7 14. g4 Nxg4
15. Qg2 h5 16. Nf5 Bxg5 17. hxg5 exf5 18. Nd5 Qd8 19. exf5 Re8 20. f6 Be6 21.
Ne7+ Rxe7 22. fxe7 Nxb3+ 23. axb3 Qxe7 24. Kb1 Qc7 25. Qe4 g6 26. Qd4 Rc8 27.
Rd2 d5 28. Rde2 Qc5 29. Qd2 a5 30. Ka1 Kg7 31. c3 d4 32. Rxe6 fxe6 33. Rxe6 Kf7
34. Re4 Rd8 35. cxd4 Qc6 36. Re1 Qd5 37. Qe2 Qxd4 38. Qe6+ Kg7 39. Qe7+ Kg8 40.
Re6 Qd3 41. f5 Ne5 42. Rxe5 a4 43. Qe6+ 1-0

[Event "chess.com Speed 2019"]
[Site "chess.com INT"]
[Date "2019.11.18"]
[Round "2.20"]
[White "Ding, Liren"]
[Black "Nepomniachtchi, Ian"]
[Result "0-1"]
[WhiteTitle "GM"]
[BlackTitle "GM"]
[WhiteElo "2811"]
[BlackElo "2776"]
[WhiteFideId "8603677"]
[BlackFideId "4168119"]
[EventDate "2019.09.02"]

1. e4 c5 2. Nf3 d6 3. d4 cxd4 4. Nxd4 Nf6 5. Nc3 a6 6. Be2 e5 7. Nb3 Be7 8. Be3
Be6 9. Qd3 O-O 10. Nd5 Nxd5 11. exd5 Bc8 12. O-O Nd7 13. Qd2 f5 14. f3 Bh4 15.
Kh1 f4 16. Bf2 Bxf2 17. Rxf2 Qh4 18. Rff1 Nf6 19. Qe1 Qh6 20. c4 Bf5 21. c5 Kh8
22. Rd1 Bc2 23. Rd2 Bxb3 24. axb3 dxc5 25. Bd1 Rfe8 26. Bc2 Rad8 27. d6 e4 28.
d7 Rxd7 29. Rxd7 Nxd7 30. Bxe4 Nf6 31. Qc3 Nxe4 32. fxe4 Rxe4 33. Qxc5 Qe6 34.
Qf8+ Qg8 35. Qc5 h6 36. b4 Qe6 37. h3 Re1 38. Qf8+ Kh7 39. Qxf4 Re4 40. Qd2 Qc4
41. Qf2 Re5 42. Qf4 Qxf4 43. Rxf4 Re2 44. b5 axb5 45. Rb4 Re5 46. Kh2 Kg6 47. g4
Kf6 48. h4 Ke6 49. Kg3 Kd6 50. Kf4 g5+ 51. hxg5 hxg5+ 52. Kf3 Kc5 53. Rb3 b4 54.
Rd3 Rd5 55. Re3 Rd2 56. Re5+ Kc4 57. Rxg5 Rxb2 58. Rg7 b6 59. Rc7+ Kb5 60. g5
Rb1 61. g6 Rg1 62. g7 b3 63. Kf2 Rg6 0-1

[Event "chess.com Speed 2019"]
[Site "chess.com INT"]
[Date "2019.11.18"]
[Round "2.21"]
[White "Nepomniachtchi, Ian"]
[Black "Ding, Liren"]
[Result "1/2-1/2"]
[WhiteTitle "GM"]
[BlackTitle "GM"]
[WhiteElo "2776"]
[BlackElo "2811"]
[WhiteFideId "4168119"]
[BlackFideId "8603677"]
[EventDate "2019.09.02"]

1. e4 c5 2. Nf3 d6 3. d4 cxd4 4. Nxd4 Nf6 5. Nc3 a6 6. Bg5 Nbd7 7. Bc4 Qb6 8.
Bb3 e6 9. Qd2 Be7 10. O-O-O Nc5 11. Rhe1 O-O 12. f4 h6 13. h4 Qc7 14. g4 Nxg4
15. Nf5 hxg5 16. Nxe7+ Qxe7 17. hxg5 f5 18. exf5 Rxf5 19. Rg1 Bd7 20. Rxg4 Bc6
21. Rh4 Raf8 22. Qh2 Kf7 23. Ne2 Bf3 24. Nd4 Nxb3+ 25. axb3 Bxd1 26. Nxf5 exf5
27. Kxd1 Qe4 28. Rh3 Re8 29. Qf2 d5 30. Rd3 Qh1+ 31. Kd2 Rh8 32. Qc5 Rh2+ 33.
Kc3 Qe1+ 34. Kd4 Qe4+ 35. Kc3 Qe1+ 36. Kd4 Qe4+ 37. Kc3 Qe1+ 1/2-1/2

[Event "chess.com Speed 2019"]
[Site "chess.com INT"]
[Date "2019.11.18"]
[Round "2.22"]
[White "Ding, Liren"]
[Black "Nepomniachtchi, Ian"]
[Result "1-0"]
[WhiteTitle "GM"]
[BlackTitle "GM"]
[WhiteElo "2811"]
[BlackElo "2776"]
[WhiteFideId "8603677"]
[BlackFideId "4168119"]
[EventDate "2019.09.02"]

1. Nf3 Nf6 2. c4 c5 3. Nc3 Nc6 4. e3 e6 5. d4 d5 6. cxd5 exd5 7. Bb5 a6 8. Bxc6+
bxc6 9. O-O Bd6 10. dxc5 Bxc5 11. b3 O-O 12. Bb2 Re8 13. Rc1 Bd6 14. Na4 Bd7 15.
Nc5 Bxc5 16. Rxc5 Ne4 17. Rc1 a5 18. Qd4 f6 19. Nd2 Qe7 20. Nxe4 Qxe4 21. Qxe4
Rxe4 22. Bd4 h5 23. Rc5 h4 24. Rfc1 h3 25. f3 Ree8 26. g4 Reb8 27. Rb1 a4 28. b4
Kf7 29. a3 Rb5 30. Kf2 1-0

[Event "chess.com Speed 2019"]
[Site "chess.com INT"]
[Date "2019.11.18"]
[Round "2.23"]
[White "Nepomniachtchi, Ian"]
[Black "Ding, Liren"]
[Result "1-0"]
[WhiteTitle "GM"]
[BlackTitle "GM"]
[WhiteElo "2776"]
[BlackElo "2811"]
[WhiteFideId "4168119"]
[BlackFideId "8603677"]
[EventDate "2019.09.02"]

1. e4 c5 2. Nf3 d6 3. d4 cxd4 4. Nxd4 Nf6 5. Nc3 a6 6. Bg5 Nbd7 7. Bc4 e6 8. Qe2
b5 9. Bb3 Nc5 10. O-O-O h6 11. Bh4 Bb7 12. e5 g5 13. Bg3 Nfe4 14. Nxe4 Nxe4 15.
exd6 Bg7 16. d7+ Kf8 17. Rhe1 Qb6 18. Nxe6+ fxe6 19. Qf3+ Ke7 20. Rxe4 Bxe4 21.
Qxe4 1-0

[Event "chess.com Speed 2019"]
[Site "chess.com INT"]
[Date "2019.11.18"]
[Round "2.24"]
[White "Ding, Liren"]
[Black "Nepomniachtchi, Ian"]
[Result "1-0"]
[WhiteTitle "GM"]
[BlackTitle "GM"]
[WhiteElo "2811"]
[BlackElo "2776"]
[WhiteFideId "8603677"]
[BlackFideId "4168119"]
[EventDate "2019.09.02"]

1. c4 e5 2. Nc3 Nf6 3. g3 d5 4. cxd5 Nxd5 5. Bg2 Nb6 6. d3 Be7 7. Be3 O-O 8. Rc1
Re8 9. Qc2 Nc6 10. Bxc6 bxc6 11. Nf3 Bd6 12. O-O Nd5 13. Bd2 Rb8 14. Ne4 f5 15.
Nxd6 cxd6 16. Qxc6 Bb7 17. Qa4 e4 18. dxe4 fxe4 19. Nd4 e3 20. Bxe3 Nxe3 21.
fxe3 Rxe3 22. Qxa7 Re7 23. Qa3 Kh8 24. Rf2 Qb6 25. e3 Ba8 26. Qb3 Qd8 27. Qc3
Re8 28. Nf5 Qg5 29. h4 Qg4 30. Rf4 Qg6 31. h5 Qg5 32. h6 Re5 33. hxg7+ Kg8 34.
Qc8+ Re8 35. Qc4+ d5 36. Qd4 Qg6 37. Rcf1 h5 38. Ne7+ Rxe7 39. Rf8+ Kh7 40. Rh8+ 1-0

[Event "chess.com Speed 2019"]
[Site "chess.com INT"]
[Date "2019.11.18"]
[Round "2.25"]
[White "Nepomniachtchi, Ian"]
[Black "Ding, Liren"]
[Result "1-0"]
[WhiteTitle "GM"]
[BlackTitle "GM"]
[WhiteElo "2776"]
[BlackElo "2811"]
[WhiteFideId "4168119"]
[BlackFideId "8603677"]
[EventDate "2019.09.02"]

1. e4 e5 2. Nf3 Nc6 3. Bb5 a6 4. Ba4 Nf6 5. O-O Be7 6. Re1 b5 7. Bb3 d6 8. c3
O-O 9. d4 Bg4 10. Be3 exd4 11. cxd4 Na5 12. Bc2 Nc4 13. Bc1 c5 14. b3 Nb6 15.
Nbd2 Rc8 16. a4 bxa4 17. d5 Nfd7 18. bxa4 Bf6 19. Rb1 Bc3 20. h3 Bh5 21. g4 Bg6
22. Re3 Bb4 23. Nf1 Nc4 24. Re2 Nde5 25. Nxe5 dxe5 26. Ng3 Nd6 27. g5 f6 28. h4
fxg5 29. Bxg5 Qd7 30. Kg2 Qg4 31. Re3 Qxd1 32. Bxd1 c4 33. Rxb4 1-0

[Event "chess.com Speed 2019"]
[Site "chess.com INT"]
[Date "2019.11.18"]
[Round "2.26"]
[White "Ding, Liren"]
[Black "Nepomniachtchi, Ian"]
[Result "1/2-1/2"]
[WhiteTitle "GM"]
[BlackTitle "GM"]
[WhiteElo "2811"]
[BlackElo "2776"]
[WhiteFideId "8603677"]
[BlackFideId "4168119"]
[EventDate "2019.09.02"]

1. Nf3 b6 2. e4 Bb7 3. Nc3 e6 4. d4 Bb4 5. Bd3 Nf6 6. Nd2 c5 7. a3 cxd4 8. axb4
dxc3 9. bxc3 Qc7 10. c4 d6 11. O-O Nbd7 12. Bb2 O-O 13. Qe2 a5 14. c3 Ne5 15.
Rfd1 Rfc8 16. b5 Nxd3 17. Qxd3 Nd7 18. Ba3 Nc5 19. Qe3 Qe7 20. Bxc5 Rxc5 21. Nb3
Rxc4 22. Qxb6 Rxc3 23. Nxa5 Bxe4 24. Nc6 Bxc6 25. bxc6 Rxa1 26. Rxa1 h6 27. g3
Kh7 28. Qb7 Qxb7 29. cxb7 Rb3 30. Ra7 Kg6 31. Kf1 d5 32. Ke2 d4 33. Kd2 d3 34.
Ra3 Rxb7 35. Rxd3 Kf5 36. Ke3 g5 37. Kf3 g4+ 38. Kg2 h5 39. h4 f6 40. Ra3 Rb5
41. Ra6 Ke5 42. Ra7 Rd5 43. Rh7 Ke4 44. Re7 Re5 45. Rf7 f5 46. Rh7 f4 47. gxf4
Kxf4 48. Rf7+ Rf5 49. Ra7 e5 50. Ra3 e4 51. Ra8 Rd5 52. Rf8+ Ke5 53. Rh8 Kd4 54.
Re8 Re5 55. Rd8+ Kc3 56. Rd7 e3 57. fxe3 Rxe3 58. Rd5 Rh3 59. Rxh5 Kd3 60. Rh8
Ke4 1/2-1/2

[Event "chess.com Speed 2019"]
[Site "chess.com INT"]
[Date "2019.11.18"]
[Round "2.27"]
[White "Nepomniachtchi, Ian"]
[Black "Ding, Liren"]
[Result "1/2-1/2"]
[WhiteTitle "GM"]
[BlackTitle "GM"]
[WhiteElo "2776"]
[BlackElo "2811"]
[WhiteFideId "4168119"]
[BlackFideId "8603677"]
[EventDate "2019.09.02"]

1. e4 e5 2. Nf3 Nc6 3. Bb5 Nf6 4. O-O Nxe4 5. Re1 Nd6 6. Nxe5 Be7 7. Bf1 Nxe5 8.
Rxe5 O-O 9. d4 Bf6 10. Nc3 Bxe5 11. dxe5 Nf5 12. Bd3 d6 13. Qf3 Nh4 14. Qh5 Ng6
15. exd6 Qxd6 16. Be3 Be6 17. Bc5 Qf4 18. Bxf8 Nxf8 19. Re1 Rd8 20. h3 Qd2 21.
Qe2 Qxe2 22. Rxe2 Nd7 23. Ne4 Ne5 24. Nc5 Nxd3 25. Nxe6 fxe6 26. cxd3 Rxd3 27.
Rxe6 Rd1+ 28. Kh2 Rd2 29. Re7 Rxf2 30. Rxc7 Rxb2 31. a4 a5 32. h4 h5 33. Kh3 Kh7
34. Rd7 b6 35. g3 Rb4 36. Rd6 g6 37. Rd7+ Kh6 38. Rb7 Rxa4 39. Rxb6 Ra2 40. Rb7
a4 41. Ra7 a3 42. g4 hxg4+ 43. Kxg4 Rg2+ 44. Kh3 Ra2 45. Kg4 Ra1 46. Kh3 a2 47.
Kg2 Kh5 48. Ra4 g5 49. hxg5 1/2-1/2

[Event "chess.com Speed 2019"]
[Site "chess.com INT"]
[Date "2019.11.18"]
[Round "2.28"]
[White "Ding, Liren"]
[Black "Nepomniachtchi, Ian"]
[Result "1-0"]
[WhiteTitle "GM"]
[BlackTitle "GM"]
[WhiteElo "2811"]
[BlackElo "2776"]
[WhiteFideId "8603677"]
[BlackFideId "4168119"]
[EventDate "2019.09.02"]

1. Nf3 d5 2. d4 Bf5 3. c4 e6 4. Nc3 Nf6 5. Nh4 Bb4 6. Nxf5 exf5 7. Bg5 dxc4 8.
e3 b5 9. a4 Nbd7 10. axb5 h6 11. Bxf6 Nxf6 12. Bxc4 Ne4 13. Qb3 Bxc3+ 14. bxc3
Nd6 15. Bd5 Rb8 16. Bc6+ Kf8 17. Rxa7 h5 18. O-O h4 19. h3 Rh6 20. Qd5 Rg6 21.
c4 Qg5 22. Rxc7 Ne4 23. Qxf7# 1-0

[Event "chess.com Speed 2019"]
[Site "chess.com INT"]
[Date "2019.11.18"]
[Round "2.29"]
[White "Nepomniachtchi, Ian"]
[Black "Ding, Liren"]
[Result "1-0"]
[WhiteTitle "GM"]
[BlackTitle "GM"]
[WhiteElo "2776"]
[BlackElo "2811"]
[WhiteFideId "4168119"]
[BlackFideId "8603677"]
[EventDate "2019.09.02"]

1. e4 e5 2. d4 exd4 3. Qxd4 Nc6 4. Qe3 Nf6 5. Nc3 Bb4 6. Bd2 O-O 7. O-O-O Re8 8.
Qg3 Rxe4 9. a3 Rg4 10. Qh3 Bc5 11. f3 Rd4 12. g4 d5 13. Bd3 Ne5 14. Bg5 h6 15.
Bxf6 Qxf6 16. Nge2 Nxd3+ 17. cxd3 c6 18. Qg3 b5 19. h4 b4 20. g5 Qg6 21. Na4 Bd6
22. f4 c5 23. Nxd4 cxd4 24. axb4 Bxb4 25. Kb1 Bd7 26. h5 Qa6 27. gxh6 Qxh6 28.
Rc1 Bxa4 29. Rhg1 Bd7 30. Rc7 Bf5 31. Rb7 a5 32. Ka1 1-0

[Event "chess.com Speed 2019"]
[Site "chess.com INT"]
[Date "2019.11.18"]
[Round "2.30"]
[White "Ding, Liren"]
[Black "Nepomniachtchi, Ian"]
[Result "1/2-1/2"]
[WhiteTitle "GM"]
[BlackTitle "GM"]
[WhiteElo "2811"]
[BlackElo "2776"]
[WhiteFideId "8603677"]
[BlackFideId "4168119"]
[EventDate "2019.09.02"]

1. Nf3 e6 2. c4 d5 3. d4 Nf6 4. Nc3 a6 5. cxd5 exd5 6. Bg5 Be6 7. e3 h6 8. Bf4
Nbd7 9. h3 Be7 10. Bd3 c5 11. dxc5 Nxc5 12. O-O O-O 13. Rc1 Rc8 14. Bb1 Qd7 15.
Ne2 Bf5 16. Bxf5 Qxf5 17. Ned4 Qd7 18. Ne5 Qd8 19. Qe2 Re8 20. Nd3 Nxd3 21. Qxd3
Bf8 22. Rc2 Rxc2 23. Qxc2 Ne4 24. Rc1 Bc5 25. Nf3 Qf6 26. Rd1 Rd8 27. Be5 Qe6
28. Bd4 Bf8 29. Rc1 Bd6 30. Qb3 Qd7 31. a4 Bb8 32. a5 Re8 33. Rd1 Ng5 34. Nxg5
hxg5 35. Bc3 Rd8 36. e4 Qc7 37. Rxd5 Qh2+ 38. Kf1 Re8 39. Qxb7 Qh1+ 40. Ke2 Qxg2
41. Rd7 Rxe4+ 42. Kd3 Qf3+ 43. Kc2 Qf5 44. Kb3 Bf4 45. Qd5 Qg6 46. Rd8+ Kh7 47.
Rf8 Re7 48. Qa8 Qe6+ 49. Kc2 Qf5+ 50. Kb3 Qe6+ 51. Kc2 Qe2+ 52. Kb3 Qb5+ 53. Ka3
Bd6+ 54. b4 Qxa5+ 55. Kb3 Qf5 56. Rh8+ Kg6 57. Qxa6 Qb1+ 58. Bb2 Qd1+ 59. Ka2
Qd5+ 60. Ka3 Re6 61. Qc8 Bxb4+ 62. Kxb4 Rb6+ 63. Kc3 Qb3+ 64. Kd4 Qxb2+ 65. Ke3
Re6+ 66. Kf3 Qf6+ 67. Kg2 Re2 68. Qc5 Qf5 69. Qxf5+ Kxf5 70. Rg8 g6 71. Ra8 f6
72. Ra5+ Re5 73. Ra4 Re4 74. Ra3 Ke6 75. Rb3 Rd4 76. Ra3 Rd6 77. Ra5 f5 78. Ra2
Kf6 79. Ra8 Rd4 80. Rf8+ Kg7 81. Rb8 g4 82. hxg4 Rxg4+ 83. Kf3 Ra4 84. Rc8 Kf6
85. Rc6+ Kg5 86. Rc3 Rh4 87. Kg3 f4+ 88. Kg2 Rg4+ 89. Kf3 Rh4 90. Rc5+ Kh6 91.
Ke4 g5 92. f3 g4 93. Kxf4 gxf3+ 94. Kxf3 Rh5 95. Rxh5+ Kxh5 1/2-1/2

[Event "chess.com Speed 2019"]
[Site "chess.com INT"]
[Date "2019.11.18"]
[Round "2.31"]
[White "Nepomniachtchi, Ian"]
[Black "Ding, Liren"]
[Result "0-1"]
[WhiteTitle "GM"]
[BlackTitle "GM"]
[WhiteElo "2776"]
[BlackElo "2811"]
[WhiteFideId "4168119"]
[BlackFideId "8603677"]
[EventDate "2019.09.02"]

1. e4 e5 2. f4 exf4 3. d4 d5 4. exd5 Qh4+ 5. Ke2 Bd6 6. Nf3 Bg4 7. c4 b6 8. Qe1
Qh5 9. h3 Ne7 10. Nc3 O-O 11. hxg4 Qxh1 12. Kd2 Nd7 13. Kc2 Rae8 14. Qf2 Nf6 15.
Ne5 Ng6 16. Bxf4 Nxe5 17. dxe5 Nxg4 18. Qg3 Nxe5 19. Rd1 Qh5 20. a3 Qf5+ 21. Kb3
Nxc4 22. Bh6 Bxg3 0-1

[Event "chess.com Speed 2019"]
[Site "chess.com INT"]
[Date "2019.11.19"]
[Round "2.1"]
[White "Vachier-Lagrave, Maxime"]
[Black "So, Wesley"]
[Result "1-0"]
[WhiteTitle "GM"]
[BlackTitle "GM"]
[WhiteElo "2774"]
[BlackElo "2767"]
[WhiteFideId "623539"]
[BlackFideId "5202213"]
[EventDate "2019.09.02"]

1. e4 e5 2. Nf3 Nc6 3. Bb5 a6 4. Ba4 Nf6 5. O-O Be7 6. Re1 b5 7. Bb3 O-O 8. h3
Bb7 9. d3 d5 10. exd5 Nxd5 11. a4 Nd4 12. Nbd2 Nxb3 13. Nxb3 Nb4 14. Nxe5 Qd5
15. Nf3 Qd7 16. Ne5 Qd5 17. f3 Bd6 18. Ng4 Bg3 19. Re4 Qd6 20. Rd4 Qe7 21. Bd2
c5 22. Bxb4 cxb4 23. Nh6+ gxh6 24. Rg4+ Kh8 25. Rxg3 Qe5 26. Qe1 Qxb2 27. axb5
a5 28. Qe7 Bd5 29. d4 1-0

[Event "chess.com Speed 2019"]
[Site "chess.com INT"]
[Date "2019.11.19"]
[Round "2.2"]
[White "So, Wesley"]
[Black "Vachier-Lagrave, Maxime"]
[Result "1-0"]
[WhiteTitle "GM"]
[BlackTitle "GM"]
[WhiteElo "2767"]
[BlackElo "2774"]
[WhiteFideId "5202213"]
[BlackFideId "623539"]
[EventDate "2019.09.02"]

1. e4 c5 2. Nf3 e6 3. d4 cxd4 4. Nxd4 Nf6 5. Nc3 Nc6 6. Ndb5 d6 7. Bf4 e5 8. Bg5
a6 9. Na3 b5 10. Nd5 Be7 11. Bxf6 Bxf6 12. c3 Bg5 13. Nc2 Rb8 14. Be2 O-O 15.
O-O Ne7 16. Ncb4 Bb7 17. Qd3 Ng6 18. g3 a5 19. Nc2 Bxd5 20. Qxd5 Qb6 21. Na3 Ne7
22. Qd3 b4 23. Nc4 Qc5 24. h4 Bh6 25. Qxd6 Qxd6 26. Nxd6 bxc3 27. bxc3 Nc8 28.
Nc4 Rb5 29. Rfd1 Nb6 30. a4 Rb3 31. Nxa5 Rxc3 32. Bb5 f5 33. exf5 Rxf5 34. Nc6 1-0

[Event "chess.com Speed 2019"]
[Site "chess.com INT"]
[Date "2019.11.19"]
[Round "2.3"]
[White "Vachier-Lagrave, Maxime"]
[Black "So, Wesley"]
[Result "1/2-1/2"]
[WhiteTitle "GM"]
[BlackTitle "GM"]
[WhiteElo "2774"]
[BlackElo "2767"]
[WhiteFideId "623539"]
[BlackFideId "5202213"]
[EventDate "2019.09.02"]

1. d4 Nf6 2. c4 e6 3. Nf3 d5 4. e3 Be7 5. b3 O-O 6. Bb2 c5 7. Bd3 cxd4 8. exd4
Nc6 9. O-O b6 10. Nc3 Bb7 11. Re1 Rc8 12. Rc1 g6 13. Bf1 Re8 14. h3 Bf8 15. Ne5
Bg7 16. cxd5 Nxd5 17. Ne4 f5 18. Nxc6 Rxc6 19. Rxc6 Bxc6 20. Nd2 Nf4 21. Nc4 Qd5
22. f3 Rd8 23. Ne3 Bxd4 24. Bxd4 Qxd4 25. Qxd4 Rxd4 26. Rc1 Rd6 27. Nc4 Rd5 28.
Nxb6 axb6 29. Rxc6 b5 30. g3 Nh5 31. Kf2 Rd2+ 32. Ke3 Rxa2 33. g4 Ng3 34. Bxb5
e5 35. gxf5 gxf5 36. Rc5 f4+ 37. Kd3 Re2 38. Bc6 Kg7 39. b4 Re3+ 40. Kc4 e4 41.
fxe4 Nxe4 42. Re5 Rc3+ 43. Kd4 Rxc6 44. b5 Rc5 45. Rxe4 Rxb5 1/2-1/2

[Event "chess.com Speed 2019"]
[Site "chess.com INT"]
[Date "2019.11.19"]
[Round "2.4"]
[White "So, Wesley"]
[Black "Vachier-Lagrave, Maxime"]
[Result "1/2-1/2"]
[WhiteTitle "GM"]
[BlackTitle "GM"]
[WhiteElo "2767"]
[BlackElo "2774"]
[WhiteFideId "5202213"]
[BlackFideId "623539"]
[EventDate "2019.09.02"]

1. e4 c5 2. Nf3 d6 3. d4 cxd4 4. Nxd4 Nf6 5. Nc3 a6 6. h3 e5 7. Nb3 Be6 8. f4 g6
9. Be2 Nbd7 10. O-O Rc8 11. Be3 Be7 12. f5 Bc4 13. Bxc4 Rxc4 14. Qd3 b5 15. a4
O-O 16. axb5 axb5 17. Na5 Rc8 18. Nxb5 Nc5 19. Bxc5 dxc5 20. Nc4 Rb8 21. Qxd8
Rfxd8 22. Nc3 Rd4 23. Nxe5 Rxb2 24. Nc6 Rxc2 25. Nxe7+ Kg7 26. Ncd5 Nxe4 27. f6+
Kh6 28. Ne3 Re2 29. N3f5+ gxf5 30. Nxf5+ Kg6 31. Nxd4 cxd4 32. Rad1 Ng3 33. Rf3
Nf5 34. Rdd3 h5 35. Rf4 Kg5 36. Rdf3 Nh4 37. Rf2 Rxf2 38. Rxf2 Nf5 39. Kf1 h4
40. Ke2 Kxf6 41. Rf4 Ke5 42. Rg4 Ng3+ 43. Kd3 Nf5 44. Re4+ Kd5 45. Rf4 Ke5 46.
Rg4 Ne3 47. Rxh4 Nxg2 48. Re4+ Kf5 49. Kxd4 Nf4 50. Re5+ Kg6 51. h4 f5 52. Re1
Kh5 53. Rh1 Kg4 54. Rh2 Kg3 55. Rh1 Kg4 56. Kc5 Nh5 57. Kd5 f4 58. Ke5 f3 59.
Rf1 Kxh4 60. Rxf3 Kg4 61. Rf5 Ng3 62. Rf4+ Kg5 63. Rf3 Kg4 64. Rxg3+ Kxg3 1/2-1/2

[Event "chess.com Speed 2019"]
[Site "chess.com INT"]
[Date "2019.11.19"]
[Round "2.5"]
[White "Vachier-Lagrave, Maxime"]
[Black "So, Wesley"]
[Result "0-1"]
[WhiteTitle "GM"]
[BlackTitle "GM"]
[WhiteElo "2774"]
[BlackElo "2767"]
[WhiteFideId "623539"]
[BlackFideId "5202213"]
[EventDate "2019.09.02"]

1. c4 c5 2. g3 g6 3. Bg2 Bg7 4. Nc3 Nc6 5. d3 a6 6. h4 h5 7. Bxc6 bxc6 8. Nf3 d6
9. Bg5 Rb8 10. Qc2 Nh6 11. O-O Nf5 12. e4 Nd4 13. Nxd4 cxd4 14. Ne2 c5 15. Bd2
Bh3 16. Rfe1 Bg4 17. Kg2 e5 18. a3 O-O 19. f3 Be6 20. b4 f5 21. Bg5 Qd7 22. Ng1
cxb4 23. axb4 Rxb4 24. Rxa6 Qb7 25. Rxd6 Rb2 26. Qxb2 Qxb2+ 27. Re2 Qb1 28. Rxe6
Qxd3 29. Rxg6 fxe4 30. fxe4 Qxc4 31. Rd6 Qf7 0-1

[Event "chess.com Speed 2019"]
[Site "chess.com INT"]
[Date "2019.11.19"]
[Round "2.6"]
[White "So, Wesley"]
[Black "Vachier-Lagrave, Maxime"]
[Result "1/2-1/2"]
[WhiteTitle "GM"]
[BlackTitle "GM"]
[WhiteElo "2767"]
[BlackElo "2774"]
[WhiteFideId "5202213"]
[BlackFideId "623539"]
[EventDate "2019.09.02"]

1. e4 c5 2. Nf3 d6 3. d4 cxd4 4. Nxd4 Nf6 5. Nc3 a6 6. h3 e5 7. Nb3 Be6 8. f4 g6
9. Be2 Nbd7 10. O-O Rc8 11. Be3 Be7 12. f5 gxf5 13. exf5 Bc4 14. Bxc4 Rxc4 15.
Nd2 Rc6 16. Nde4 Nxe4 17. Nxe4 Nf6 18. Nxf6+ Bxf6 19. Qd5 Bg5 20. Bf2 Rg8 21. c4
Qc8 22. c5 Qxf5 23. cxd6 Bf4 24. Kh1 Kd7 25. Be3 Qe6 26. Qxe6+ fxe6 27. Bxf4
exf4 28. Rxf4 Rg7 29. Rd1 Rxd6 30. Rxd6+ Kxd6 31. g4 e5 32. Rf8 Rc7 33. Kg2 Kd5
34. Kf3 Rc2 35. Rf7 Rxb2 36. Rd7+ Ke6 37. Rxh7 Rxa2 38. Rxb7 Ra3+ 39. Ke4 Ra4+
40. Kf3 Ra3+ 41. Ke4 Ra4+ 42. Kf3 Ra3+ 1/2-1/2

[Event "chess.com Speed 2019"]
[Site "chess.com INT"]
[Date "2019.11.19"]
[Round "2.7"]
[White "Vachier-Lagrave, Maxime"]
[Black "So, Wesley"]
[Result "0-1"]
[WhiteTitle "GM"]
[BlackTitle "GM"]
[WhiteElo "2774"]
[BlackElo "2767"]
[WhiteFideId "623539"]
[BlackFideId "5202213"]
[EventDate "2019.09.02"]

1. c4 c5 2. Nf3 Nf6 3. Nc3 Nc6 4. g3 d5 5. d4 cxd4 6. Nxd4 dxc4 7. Nxc6 Qxd1+ 8.
Nxd1 bxc6 9. Ne3 Be6 10. Bg2 Bd5 11. Bd2 Rb8 12. Bc3 Bxg2 13. Nxg2 Nd5 14. Be5
Rb7 15. Ne3 f6 16. Bc3 Nxe3 17. fxe3 e5 18. Kf2 Bb4 19. Bxb4 Rxb4 20. b3 Kd7 21.
Rhc1 Rhb8 22. bxc4 Rb2 23. Rc3 Kc7 24. Ra3 R8b7 25. Rd1 Rc2 26. Ra4 e4 27. g4 g5
28. c5 Rxc5 29. Rxe4 Re5 30. Ra4 a5 31. Kf3 Rb4 32. Ra3 f5 33. h3 f4 34. Rd4
Rxe3+ 35. Rxe3 Rxd4 36. Re5 Rd5 37. Re7+ Rd7 38. Re5 h6 39. Rxa5 Kb6 40. Re5 c5
41. Re6+ Kb5 42. Rxh6 c4 43. h4 c3 44. a4+ Kc5 45. Rh8 Kc6 46. Rh6+ Kc7 0-1